00848 a2200217 450000500170000002000180001705000210003510000600005624501390011626400320025533600260028733700280031333800270034150000190036865000170038765000140040470000340041894200290045295201320048199900170061320260204081850.0 a9781032495705 aK 3239bCAN 2023 aCannoy, Heather Smith and Hepner,Tricia Redekereeditor aHuman Rights On The Edge:bThe future of International Human Rights Law and Practice /cHeather Smith Cannoy and Tricia Redeker Hepner aNew York:bRoutledge,c2023 2rdacontentatextbtxt 2rdamediaaunmediatedbn 2rdacarrieravolumebnc aincludes index aHuman Rights aLaw Cases aHepner,Tricia Redekereauthor 2lcccBKh3239iCANk2023 001040708NFICaLLbLLcGENd2026-02-04eDonation Rouall0oK 3239 CAN 2023p034277r2026-02-04 08:18:28tc.1w2026-02-04yBK c11673d11673